Countries of the World without the Letter "D" on a map - Statistics

General Stats
  • This quiz has been taken 436 times
  • The average score is 123 of 146
Answers on the Map
Answers color-coded by a green-red scale on the quiz's map according to % correct below.
 
Answer Stats
Country % Correct
Mexico
97%
France
95%
Brazil
94%
Russia
94%
Chile
93%
China
93%
Germany
93%
Peru
93%
Argentina
92%
Australia
92%
Cuba
92%
Italy
92%
Japan
92%
Mongolia
92%
Norway
92%
Portugal
92%
Spain
92%
Venezuela
92%
Colombia
91%
North Korea
91%
South Korea
91%
Ukraine
91%
Austria
90%
Bolivia
90%
Greece
90%
Panama
90%
Turkey
90%
Algeria
89%
Belgium
89%
Costa Rica
89%
Egypt
89%
Iran
89%
Iraq
89%
Kazakhstan
89%
Latvia
89%
Lithuania
89%
Pakistan
89%
Paraguay
89%
South Africa
89%
Uruguay
89%
Afghanistan
88%
Estonia
88%
Laos
88%
Oman
88%
Romania
88%
Suriname
88%
Yemen
88%
Bahamas
87%
Croatia
87%
Czech Republic
87%
Guatemala
87%
Guyana
87%
Haiti
87%
Hungary
87%
Morocco
87%
Nicaragua
87%
Niger
87%
Papua New Guinea
87%
Philippines
87%
Sri Lanka
87%
Albania
86%
Angola
86%
Armenia
86%
Belarus
86%
Belize
86%
Bhutan
86%
Bulgaria
86%
Ethiopia
86%
Libya
86%
Nepal
86%
Nigeria
86%
Slovakia
86%
Somalia
86%
Israel
85%
Jamaica
85%
Malta
85%
Serbia
85%
Tunisia
85%
Uzbekistan
85%
Vietnam
85%
Mali
84%
Slovenia
84%
Syria
84%
Zambia
84%
Zimbabwe
84%
Fiji
83%
Guinea
83%
Kenya
83%
Kosovo
83%
Malaysia
83%
Taiwan
83%
Turkmenistan
83%
Azerbaijan
82%
Georgia
82%
Ghana
82%
Lesotho
82%
Myanmar
82%
Namibia
82%
Qatar
82%
Botswana
81%
Cyprus
81%
Kyrgyzstan
81%
Liberia
81%
Luxembourg
81%
Tajikistan
81%
Tanzania
81%
Vatican City
81%
Burkina Faso
80%
Eritrea
80%
Lebanon
80%
Mauritania
80%
Mozambique
80%
Senegal
80%
Benin
79%
Guinea-Bissau
79%
Kuwait
79%
Liechtenstein
79%
Montenegro
79%
Palau
79%
Togo
79%
Tuvalu
79%
Comoros
78%
Kiribati
78%
Malawi
78%
San Marino
78%
Seychelles
78%
Cameroon
77%
Central African Republic
77%
Gabon
77%
Equatorial Guinea
76%
Ivory Coast
76%
Mauritius
76%
Monaco
76%
Nauru
76%
Republic of the Congo
76%
Bahrain
75%
Eswatini
75%
Gambia
75%
Saint Lucia
75%
Sierra Leone
75%
Tonga
73%
Vanuatu
73%
Samoa
72%
East Timor
70%
Singapore
69%
Brunei
68%
No matching quizzes found
Score Distribution
Percent of People with Each Score
Percentile by Number Answered
Your Score History
You have not taken this quiz